[Event "Lund Lask op"]
[Site "Lund"]
[Date "2016.12.06"]
[Round "7"]
[White "Sandstrom, Anders"]
[Black "Finnlaugsson, Gunnar"]
[Result "1-0"]
[WhiteElo "1888"]
[BlackElo "2024"]
[PlyCount "97"]
[EventDate "2016.10.04"]
[EventType "swiss"]
[EventRounds "7"]
[EventCountry "SWE"]
[SourceTitle "EXT 2019"]
[Source "ChessBase"]
[SourceDate "2018.10.10"]
[SourceVersion "1"]
[SourceVersionDate "2018.10.10"]
[SourceQuality "1"]

1. Nf3 Nf6 2. c4 e6 3. g3 b6 4. Bg2 Bb7 5. 0-0 Be7 6. Nc3 0-0 7. d4 d6 8. Bf4 Nbd7 9. Qc2 a6 10. Rfe1 c5 11. dxc5 Nxc5 12. e4 e5 13. Bg5 Qc7 14. Rac1 Ne6 15. Bxf6 Bxf6 16. Nd5 Qd8 17. Qd2 Bxd5 18. cxd5 Nc5 19. b4 Nd7 20. Rc6 Be7 21. Rec1 g6 22. Rc7 f5 23. Bh3 b5 24. Qh6 Rf7 25. R1c6 Bf8 26. Qc1 Qf6 27. exf5 gxf5 28. Qg5+ Qg6 29. Qxg6+ hxg6 30. Ng5 Rg7 31. Ne6 Rh7 32. Nxf8 Nxf8 33. Rxh7 Kxh7 34. g4 fxg4 35. Bxg4 a5 36. bxa5 Rxa5 37. Rxd6 Rxa2 38. Rb6 Kg7 39. Rxb5 Kf6 40. Rb6+ Ke7 41. d6+ Kf6 42. Rb8 Ne6 43. Re8 Nc5 44. d7 Nxd7 45. Bxd7 Ra6 46. Bb5 Rb6 47. Bd3 Rd6 48. Be4 Ra6 49. Kg2 1-0

[Event "Lund Lask op"]
[Site "Lund"]
[Date "2016.11.22"]
[Round "6"]
[White "Finnlaugsson, Gunnar"]
[Black "Rehnquist, Per Olof"]
[Result "1-0"]
[WhiteElo "2024"]
[BlackElo "1768"]
[PlyCount "55"]
[EventDate "2016.10.04"]
[EventType "swiss"]
[EventRounds "7"]
[EventCountry "SWE"]
[SourceTitle "EXT 2019"]
[Source "ChessBase"]
[SourceDate "2018.10.10"]
[SourceVersion "1"]
[SourceVersionDate "2018.10.10"]
[SourceQuality "1"]

1. e4 c6 2. Nc3 d5 3. Nf3 dxe4 4. Nxe4 Nf6 5. Nxf6+ exf6 6. d4 Bg4 7. Be3 Bd6 8. Be2 0-0 9. Qd2 Nd7 10. c4 Re8 11. 0-0 Nf8 12. Rfd1 a5 13. a3 Ng6 14. h3 Be6 15. Rac1 Qe7 16. d5 cxd5 17. cxd5 Bd7 18. Bf1 Ne5 19. Nd4 g5 20. Re1 h5 21. f4 gxf4 22. Bxf4 Qd8 23. Rc3 Kh8 24. Qd1 Bf8 25. Qxh5+ Kg8 26. Bxe5 fxe5 27. Rg3+ Bg7 28. Qh6 1-0

[Event "Lund Lask op"]
[Site "Lund"]
[Date "2016.11.15"]
[Round "5"]
[White "Olsson, Tomas"]
[Black "Finnlaugsson, Gunnar"]
[Result "1-0"]
[WhiteElo "1993"]
[BlackElo "2024"]
[PlyCount "77"]
[EventDate "2016.10.04"]
[EventType "swiss"]
[EventRounds "7"]
[EventCountry "SWE"]
[SourceTitle "EXT 2019"]
[Source "ChessBase"]
[SourceDate "2018.10.10"]
[SourceVersion "1"]
[SourceVersionDate "2018.10.10"]
[SourceQuality "1"]

1. e4 c5 2. Nf3 e6 3. d4 cxd4 4. Nxd4 Nf6 5. Nc3 Nc6 6. Ndb5 Bb4 7. a3 Bxc3+ 8. Nxc3 d5 9. exd5 exd5 10. Bd3 Bg4 11. f3 Be6 12. 0-0 0-0 13. Re1 a6 14. Qd2 Ne7 15. Qf4 Qd7 16. Bd2 Ng6 17. Qd4 Bf5 18. Bg5 Bxd3 19. Bxf6 Bxc2 20. Bxg7 Rfd8 21. Bf6 Qf5 22. Bxd8 Rxd8 23. Re2 Bd3 24. Re3 Bc4 25. Rae1 Nf8 26. Re8 Qd7 27. Rxd8 Qxd8 28. Ne4 Ne6 29. Nf6+ Kf8 30. Nxh7+ Kg8 31. Nf6+ Kf8 32. Qh4 Qb6+ 33. Qf2 Qd8 34. Ng4 d4 35. Ne5 Bb5 36. f4 d3 37. f5 Nd4 38. Nxd3 Bxd3 39. Rd1 1-0

[Event "Nordic-ch Seniors"]
[Site "Sastamala"]
[Date "2016.10.27"]
[Round "6"]
[White "Rantanen, Veikko J"]
[Black "Finnlaugsson, Gunnar"]
[Result "1/2-1/2"]
[WhiteElo "1970"]
[BlackElo "2024"]
[PlyCount "95"]
[EventDate "2016.10.22"]
[EventType "swiss"]
[EventRounds "9"]
[EventCountry "FIN"]
[SourceTitle "EXT 2018"]
[Source "ChessBase"]
[SourceDate "2017.10.13"]
[SourceVersion "1"]
[SourceVersionDate "2017.10.13"]
[SourceQuality "1"]

1. e4 c5 2. Nf3 e6 3. a3 d5 4. exd5 exd5 5. d4 Nf6 6. dxc5 Bxc5 7. Bb5+ Nc6 8. 0-0 0-0 9. Nc3 h6 10. h3 Be6 11. Ne2 Qb6 12. Bd3 Ne4 13. Qe1 a5 14. Nd2 f5 15. Nb3 Rae8 16. Nxc5 Qxc5 17. Qd1 Bf7 18. Bxe4 dxe4 19. Be3 Qe5 20. Bd4 Nxd4 21. Qxd4 Qc7 22. Qc3 Qb8 23. Rad1 Rc8 24. Qxa5 Rxc2 25. Nd4 Rxb2 26. Qc3 Rb6 27. Nxf5 Rf6 28. Ne3 Be6 29. Nd5 R6f7 30. Qd4 Bf5 31. Ne3 Bg6 32. Qb4 Qf4 33. Qd6 Qxd6 34. Rxd6 Rf6 35. Rxf6 Rxf6 36. Rb1 Ra6 37. Rxb7 Rxa3 38. g4 h5 39. Kg2 hxg4 40. hxg4 Ra5 41. Kg3 Kh7 42. Rd7 Ra3 43. Re7 Rb3 44. Re5 Ra3 45. Kg2 Rb3 46. Nf1 Kg8 47. Ne3 Kf7 48. Kg3 1/2-1/2

[Event "Lund op"]
[Site "Lund"]
[Date "2016.02.16"]
[Round "2"]
[White "Finnlaugsson, Gunnar"]
[Black "Franzen, Per Erik"]
[Result "1/2-1/2"]
[WhiteElo "2031"]
[BlackElo "1894"]
[PlyCount "41"]
[EventDate "2016.02.09"]
[EventType "swiss"]
[EventRounds "7"]
[EventCountry "SWE"]
[SourceTitle "EXT 2019"]
[Source "ChessBase"]
[SourceDate "2018.10.10"]
[SourceVersion "1"]
[SourceVersionDate "2018.10.10"]
[SourceQuality "1"]

1. e4 c5 2. Nf3 Nc6 3. d4 cxd4 4. Nxd4 g6 5. Nc3 Bg7 6. Be3 Nf6 7. Bc4 0-0 8. Bb3 Ng4 9. Qxg4 Nxd4 10. Qd1 Nxb3 11. axb3 d6 12. Bd4 Bxd4 13. Qxd4 b6 14. 0-0 Bb7 15. f4 Qc7 16. Kh1 Qc5 17. Qd2 f5 18. Rae1 fxe4 19. Nxe4 Bxe4 20. Rxe4 Rf7 21. Qe2 1/2-1/2

[Event "Wch Seniors 23rd"]
[Site "Opatija"]
[Date "2013.11.23"]
[Round "11"]
[White "Skok, Joze"]
[Black "Finnlaugsson, Gunnar"]
[Result "1/2-1/2"]
[WhiteElo "2003"]
[BlackElo "2082"]
[PlyCount "24"]
[EventDate "2013.11.12"]
[EventType "swiss"]
[EventRounds "11"]
[EventCountry "CRO"]
[SourceTitle "CBM 157 Extra"]
[Source "ChessBase"]
[SourceDate "2013.12.19"]
[SourceVersion "1"]
[SourceVersionDate "2013.12.19"]
[SourceQuality "1"]

1. e4 e6 2. d4 d5 3. Nd2 dxe4 4. Nxe4 Nf6 5. Bd3 Be7 6. Nf3 Nbd7 7. 0-0 0-0 8. Qe2 Nxe4 9. Qxe4 Nf6 10. Qe2 b6 11. Re1 Bb7 12. c3 Bd5 1/2-1/2

[Event "Wch Seniors 23rd"]
[Site "Opatija"]
[Date "2013.11.19"]
[Round "7"]
[White "Finnlaugsson, Gunnar"]
[Black "Lovejoy, David W"]
[Result "1/2-1/2"]
[WhiteElo "2082"]
[BlackElo "1943"]
[PlyCount "63"]
[EventDate "2013.11.12"]
[EventType "swiss"]
[EventRounds "11"]
[EventCountry "CRO"]
[SourceTitle "CBM 157 Extra"]
[Source "ChessBase"]
[SourceDate "2013.12.19"]
[SourceVersion "1"]
[SourceVersionDate "2013.12.19"]
[SourceQuality "1"]

1. e4 e5 2. Nf3 Nc6 3. Bb5 a6 4. Ba4 Nf6 5. 0-0 b5 6. Bb3 Be7 7. Re1 d6 8. c3 0-0 9. h3 Na5 10. Bc2 c5 11. d4 Qc7 12. Nbd2 Bd7 13. Nf1 Nc4 14. a4 Nb6 15. axb5 axb5 16. Rxa8 Rxa8 17. dxe5 dxe5 18. Bg5 Bc6 19. Ng3 g6 20. Qc1 c4 21. Qe3 Nbd7 22. Nh2 Bf8 23. Kh1 Qa7 24. Qd2 Bg7 25. f4 exf4 26. Qxf4 Re8 27. Bxf6 Nxf6 28. Nf3 Qb8 29. Qxb8 Rxb8 30. Nd4 Be8 31. Ra1 h5 32. Nf1 1/2-1/2

[Event "EU-ch Seniors 12th"]
[Site "Kaunas"]
[Date "2012.08.18"]
[Round "1"]
[White "Finnlaugsson, Gunnar"]
[Black "Balashov, Yuri S"]
[Result "0-1"]
[WhiteElo "2062"]
[BlackElo "2450"]
[PlyCount "82"]
[EventDate "2012.08.18"]
[EventType "swiss"]
[EventRounds "9"]
[EventCountry "LTU"]
[SourceTitle "CBM 150 Extra"]
[Source "ChessBase"]
[SourceDate "2012.10.19"]
[SourceVersion "1"]
[SourceVersionDate "2012.10.19"]
[SourceQuality "1"]

1. e4 g6 2. d4 Bg7 3. Nc3 d6 4. Nf3 Nf6 5. h3 0-0 6. Bf4 Nc6 7. d5 e5 8. Be3 Ne7 9. Qd2 Bd7 10. a4 c6 11. Bc4 cxd5 12. Bxd5 Nfxd5 13. Nxd5 Nxd5 14. exd5 Qc7 15. 0-0 e4 16. Nd4 Qc4 17. b3 Qxd5 18. Rad1 f5 19. Ne2 Qxd2 20. Rxd2 Be5 21. Bf4 Bc6 22. Rfd1 a5 23. c4 Kg7 24. Nd4 Bxf4 25. Ne6+ Kf6 26. Nxf4 Ke5 27. g3 Rad8 28. h4 Rg8 29. Kf1 h6 30. Nd5 Rg7 31. Re1 g5 32. hxg5 hxg5 33. Nc3 Rh7 34. Ke2 Rh2 35. Kd1 Rdh8 36. g4 Rh1 37. gxf5 Rxe1+ 38. Kxe1 Rh3 39. Nb5 Rxb3 40. Nxd6 Rb4 41. c5 Rxa4 0-1

[Event "Nordic-ch Seniors"]
[Site "Reykjavik"]
[Date "2011.09.14"]
[Round "5"]
[White "Solmundarson, Magnus"]
[Black "Finnlaugsson, Gunnar"]
[Result "1/2-1/2"]
[WhiteElo "2219"]
[BlackElo "2072"]
[PlyCount "28"]
[EventDate "2011.09.10"]
[EventType "swiss"]
[EventRounds "9"]
[EventCountry "ISL"]
[SourceTitle "CBM 144 Extra"]
[Source "ChessBase"]
[SourceDate "2011.10.28"]
[SourceVersion "1"]
[SourceVersionDate "2011.10.28"]
[SourceQuality "1"]

1. d4 Nf6 2. Nf3 c5 3. e3 e6 4. Bd3 b6 5. 0-0 Be7 6. c4 0-0 7. Nc3 d5 8. b3 Bb7 9. dxc5 bxc5 10. Bb2 Nbd7 11. Qe2 Ne4 12. Rfd1 Nxc3 13. Bxc3 Bf6 14. Rac1 Bxc3 1/2-1/2

[Event "Nordic-ch Seniors"]
[Site "Reykjavik"]
[Date "2011.09.10"]
[Round "1"]
[White "Gabrielsen, Oyvind"]
[Black "Finnlaugsson, Gunnar"]
[Result "0-1"]
[WhiteElo "1752"]
[BlackElo "2072"]
[PlyCount "64"]
[EventDate "2011.09.10"]
[EventType "swiss"]
[EventRounds "9"]
[EventCountry "ISL"]
[SourceTitle "CBM 144 Extra"]
[Source "ChessBase"]
[SourceDate "2011.10.28"]
[SourceVersion "1"]
[SourceVersionDate "2011.10.28"]
[SourceQuality "1"]

1. e4 e6 2. d4 d5 3. exd5 exd5 4. Nf3 Nc6 5. c3 Bd6 6. Bd3 Nge7 7. Qc2 Bg4 8. Be3 Qd7 9. Nbd2 h6 10. 0-0-0 0-0-0 11. h3 Be6 12. Nb3 b6 13. a4 a5 14. Bb5 Bf5 15. Qe2 Qe6 16. Rhe1 Na7 17. Ba6+ Kb8 18. Nfd2 Qd7 19. Bb5 Nxb5 20. Qxb5 Qxb5 21. axb5 Bd3 22. c4 dxc4 23. Nf3 f6 24. Na1 Nd5 25. Rg1 Rhe8 26. Ne1 Nxe3 27. fxe3 Rxe3 28. Nxd3 cxd3 29. Nb3 Bf4 30. Nd2 Rxd4 31. Rgf1 Re2 32. g4 Rc4+ 0-1

[Event "Politiken Cup 33rd"]
[Site "Helsingor"]
[Date "2011.07.31"]
[Round "2"]
[White "Aabling Thomsen, Jakob"]
[Black "Finnlaugsson, Gunnar"]
[Result "1-0"]
[WhiteElo "2325"]
[BlackElo "2072"]
[PlyCount "103"]
[EventDate "2011.07.30"]
[EventType "swiss"]
[EventRounds "10"]
[EventCountry "DEN"]
[SourceTitle "CBM 143 Extra"]
[Source "ChessBase"]
[SourceDate "2011.08.29"]
[SourceVersion "1"]
[SourceVersionDate "2011.08.29"]
[SourceQuality "1"]

1. e4 e6 2. d4 d5 3. Nd2 dxe4 4. Nxe4 Nf6 5. Bg5 Be7 6. Bxf6 gxf6 7. Nf3 b6 8. Bc4 Bb7 9. Qe2 Nd7 10. 0-0-0 c6 11. Nfd2 Qc7 12. Qh5 Nf8 13. f4 f5 14. Ng5 Bxg5 15. Qxg5 Qe7 16. Qg7 Ng6 17. Rhe1 0-0-0 18. g3 Rhg8 19. Qxh7 Kb8 20. Qh5 Rxd4 21. Qe2 Rgd8 22. Bd3 Qf6 23. Nf3 R4d7 24. h4 Rh8 25. Bc4 Rhd8 26. h5 Nf8 27. Ne5 Rxd1+ 28. Rxd1 Rxd1+ 29. Qxd1 Kc7 30. Be2 Qe7 31. Qh1 Nh7 32. Bf3 f6 33. Nxc6 Qc5 34. Nd4 Bxf3 35. Nxf3 Qf2 36. Ne1 Qxg3 37. Nd3 e5 38. fxe5 fxe5 39. Qa8 Qg5+ 40. Kb1 Qxh5 41. Qxa7+ Kc8 42. Qa6+ Kc7 43. Qc4+ Kb7 44. Qd5+ Ka7 45. Qxe5 Qh1+ 46. Nc1 Qe4 47. Qxe4 fxe4 48. c4 Kb7 49. Kc2 Kc6 50. Kc3 Nf6 51. Kd4 Kd6 52. Ne2 1-0

[Event "ISL-chT2 1011"]
[Site "Reykjavik"]
[Date "2011.03.05"]
[Round "6.2"]
[White "Finnlaugsson, Gunnar"]
[Black "Schioth, Tjorvi"]
[Result "1-0"]
[WhiteElo "2072"]
[BlackElo "1705"]
[PlyCount "59"]
[EventDate "2010.10.08"]
[EventType "team"]
[EventRounds "7"]
[EventCountry "ISL"]
[SourceTitle "EXT 2014"]
[Source "ChessBase"]
[SourceDate "2013.11.20"]
[SourceVersion "1"]
[SourceVersionDate "2013.11.20"]
[SourceQuality "1"]

1. e4 c5 2. Nf3 d6 3. d4 cxd4 4. Qxd4 Nc6 5. Bb5 e6 6. Nc3 Nf6 7. Bg5 Bd7 8. Bxc6 Bxc6 9. 0-0-0 Be7 10. Rhe1 Qc7 11. Kb1 a6 12. Qd2 b5 13. a3 Bb7 14. Nd4 Ng4 15. Ndxb5 axb5 16. Nxb5 Qd8 17. Bxe7 Qxe7 18. Nxd6+ Kf8 19. f3 Nf6 20. c4 Rb8 21. Re3 h6 22. g4 g5 23. Qc3 Kg8 24. c5 Ne8 25. Red3 Bc6 26. Qe5 Nxd6 27. Rxd6 Qb7 28. Rxc6 Qxc6 29. Qxb8+ Kh7 30. Qd6 1-0

[Event "ISL-chT2 1011"]
[Site "Reykjavik"]
[Date "2011.03.05"]
[Round "7.3"]
[White "Olafsson, David"]
[Black "Finnlaugsson, Gunnar"]
[Result "1-0"]
[WhiteElo "2322"]
[BlackElo "2072"]
[PlyCount "51"]
[EventDate "2010.10.08"]
[EventType "team"]
[EventRounds "7"]
[EventCountry "ISL"]
[SourceTitle "EXT 2014"]
[Source "ChessBase"]
[SourceDate "2013.11.20"]
[SourceVersion "1"]
[SourceVersionDate "2013.11.20"]
[SourceQuality "1"]

1. e4 e6 2. d4 d5 3. e5 c5 4. c3 Nc6 5. Nf3 Bd7 6. Bd3 f6 7. 0-0 Qc7 8. Re1 0-0-0 9. Na3 a6 10. dxc5 Nxe5 11. Nxe5 fxe5 12. b4 Nf6 13. Rb1 Be7 14. Bg5 Rdf8 15. Bh4 e4 16. Bf1 h5 17. c4 g5 18. Bg3 Qd8 19. Nb5 Bc6 20. Na7+ Kd7 21. b5 Qa8 22. bxc6+ bxc6 23. Nxc6 Qxc6 24. Rb6 Qxc5 25. Qa4+ Kd8 26. Rb8+ 1-0

[Event "ISL-chT2 1011"]
[Site "Reykjavik"]
[Date "2011.03.04"]
[Round "5.4"]
[White "Thordarson, Jorundur"]
[Black "Finnlaugsson, Gunnar"]
[Result "0-1"]
[WhiteElo "2010"]
[BlackElo "2072"]
[PlyCount "86"]
[EventDate "2010.10.08"]
[EventType "team"]
[EventRounds "7"]
[EventCountry "ISL"]
[SourceTitle "EXT 2014"]
[Source "ChessBase"]
[SourceDate "2013.11.20"]
[SourceVersion "1"]
[SourceVersionDate "2013.11.20"]
[SourceQuality "1"]

1. e4 e6 2. d4 d5 3. Nc3 Bb4 4. e5 c5 5. Nf3 cxd4 6. Qxd4 Nc6 7. Qg4 Kf8 8. Bd2 a6 9. Bd3 Nge7 10. 0-0 Bd7 11. Rad1 Ba5 12. Bg5 Bc7 13. Rfe1 h6 14. Bxe7+ Qxe7 15. a3 b5 16. Na2 Na5 17. c3 Nc4 18. Re2 Bd8 19. Nc1 g5 20. h3 h5 21. Qg3 Rg8 22. Nb3 g4 23. hxg4 hxg4 24. Nh2 Qg5 25. Bxc4 bxc4 26. Nd2 Ba4 27. Rc1 Rb8 28. b4 cxb3 29. Rb1 Qf5 30. Rb2 Be7 31. Nb1 Bg5 32. Qxg4 Qxg4 33. Nxg4 Bc1 34. Nf6 Rh8 35. g3 Ke7 36. f4 Bxb2 37. Rxb2 Rh3 38. Kg2 Rbh8 39. Ng4 Rh1 40. Nd2 Rc1 41. Nxb3 Rb8 42. Nxc1 Rxb2+ 43. Nf2 Rc2 0-1

[Event "Wch Seniors 20th"]
[Site "Arco"]
[Date "2010.11.05"]
[Round "10"]
[White "Finnlaugsson, Gunnar"]
[Black "Sevenyuk, Alexey"]
[Result "1-0"]
[WhiteElo "2072"]
[BlackElo "1920"]
[PlyCount "59"]
[EventDate "2010.10.26"]
[EventType "swiss"]
[EventRounds "11"]
[EventCountry "ITA"]
[SourceTitle "EXT 2011"]
[Source "ChessBase"]
[SourceDate "2010.11.26"]
[SourceVersion "1"]
[SourceVersionDate "2010.11.26"]
[SourceQuality "1"]

1. e4 c5 2. Nf3 d6 3. d4 cxd4 4. Nxd4 Nf6 5. Nc3 g6 6. Be3 Bg7 7. Bc4 Nc6 8. Nxc6 bxc6 9. h3 0-0 10. Bb3 a5 11. a4 Ba6 12. Qd2 Qb8 13. 0-0-0 c5 14. e5 dxe5 15. Bxc5 Rc8 16. Bxe7 Ra7 17. Ba3 Ne4 18. Nxe4 Qxb3 19. Qd8+ Bf8 20. Nf6+ Kh8 21. Qxf8+ Rxf8 22. cxb3 Rc8+ 23. Kb1 Kg7 24. Ne4 Rac7 25. Bd6 Rc6 26. Bxe5+ f6 27. Rd7+ Kf8 28. Nxf6 Re6 29. Bd6+ Rxd6 30. Rxd6 1-0

[Event "Wch Seniors 20th"]
[Site "Arco"]
[Date "2010.11.03"]
[Round "8"]
[White "Finnlaugsson, Gunnar"]
[Black "Ashby, Anthony"]
[Result "1/2-1/2"]
[WhiteElo "2072"]
[BlackElo "2149"]
[PlyCount "37"]
[EventDate "2010.10.26"]
[EventType "swiss"]
[EventRounds "11"]
[EventCountry "ITA"]
[SourceTitle "EXT 2011"]
[Source "ChessBase"]
[SourceDate "2010.11.26"]
[SourceVersion "1"]
[SourceVersionDate "2010.11.26"]
[SourceQuality "1"]

1. e4 e6 2. d4 d5 3. Nc3 Nf6 4. Bd3 c5 5. Nf3 cxd4 6. Nxd4 e5 7. Nb3 d4 8. Ne2 Nc6 9. h3 Bd6 10. 0-0 0-0 11. a3 Be6 12. Nd2 Nd7 13. f4 exf4 14. Nxf4 Qc7 15. Nd5 Qd8 16. Nf3 Nde5 17. Nxe5 Nxe5 18. Nf4 Bd7 19. Qe2 1/2-1/2

[Event "Wch Seniors 20th"]
[Site "Arco"]
[Date "2010.10.26"]
[Round "1"]
[White "Rajkovic, Dusan"]
[Black "Finnlaugsson, Gunnar"]
[Result "1-0"]
[WhiteElo "2443"]
[BlackElo "2072"]
[PlyCount "109"]
[EventDate "2010.10.26"]
[EventType "swiss"]
[EventRounds "11"]
[EventCountry "ITA"]
[SourceTitle "EXT 2011"]
[Source "ChessBase"]
[SourceDate "2010.11.26"]
[SourceVersion "1"]
[SourceVersionDate "2010.11.26"]
[SourceQuality "1"]

1. d4 Nf6 2. c4 c5 3. d5 b5 4. cxb5 a6 5. b6 d6 6. Nc3 Nbd7 7. e4 g6 8. a4 Qxb6 9. a5 Qd8 10. f4 Bg7 11. Bc4 0-0 12. Nf3 Ne8 13. 0-0 Nc7 14. Qd3 Rb8 15. Ra2 Rb4 16. b3 Re8 17. Bd2 Rb8 18. Be1 Nf8 19. Bh4 Qd7 20. h3 Nb5 21. Ne2 Qa7 22. Kh1 Nd7 23. Bf2 Qc7 24. Bg1 Nf8 25. Rc1 Qb7 26. e5 Bf5 27. Qe3 Nc7 28. Nc3 Rbd8 29. Rd2 Bc8 30. Na4 Bd7 31. Nb6 Bb5 32. Bf2 Na8 33. b4 Nxb6 34. axb6 Bxc4 35. Rxc4 Qxb6 36. bxc5 Qb5 37. Rc1 dxc5 38. Rxc5 Qf1+ 39. Kh2 Bh6 40. Ra2 Ra8 41. Bh4 Qb1 42. Ra4 Qb7 43. Nd4 Nd7 44. Rc6 Qb8 45. Qe4 a5 46. Rc3 Qb2 47. Rac4 a4 48. e6 Nf8 49. exf7+ Kxf7 50. d6 Qd2 51. Rf3 Ra7 52. dxe7 Rexe7 53. Bxe7 Rxe7 54. Qd5+ Kg7 55. Nf5+ 1-0

[Event "SWE-ch Veterans"]
[Site "Lund"]
[Date "2010.07.06"]
[Round "4"]
[White "Finnlaugsson, Gunnar"]
[Black "Andersson, Sven Olof"]
[Result "1/2-1/2"]
[WhiteElo "2076"]
[BlackElo "2057"]
[PlyCount "31"]
[EventDate "2010.07.03"]
[EventType "swiss"]
[EventRounds "9"]
[EventCountry "SWE"]
[SourceTitle "CBM 137 Extra"]
[Source "ChessBase"]
[SourceDate "2010.09.01"]
[SourceVersion "1"]
[SourceVersionDate "2010.09.01"]
[SourceQuality "1"]

1. e4 c5 2. Nf3 e6 3. d4 cxd4 4. Nxd4 a6 5. Nc3 Qc7 6. g3 Bb4 7. Nde2 Nf6 8. Bg2 d5 9. 0-0 dxe4 10. Nxe4 Nxe4 11. Bxe4 0-0 12. c3 Be7 13. Nf4 Nd7 14. Qe2 Nf6 15. Bg2 Bd7 16. Re1 1/2-1/2

[Event "EU-chT Seniors 12th"]
[Site "Dresden"]
[Date "2010.02.11"]
[Round "2"]
[White "Weber, Bernd"]
[Black "Finnlaugsson, Gunnar"]
[Result "1-0"]
[WhiteElo "2139"]
[BlackElo "2121"]
[PlyCount "49"]
[EventDate "2010.02.10"]
[EventType "team-swiss"]
[EventRounds "9"]
[EventCountry "GER"]
[SourceTitle "CBM 134 Extra"]
[Source "ChessBase"]
[SourceDate "2010.03.03"]
[SourceVersion "1"]
[SourceVersionDate "2010.03.03"]
[SourceQuality "1"]
[WhiteTeam "Leipzig (Seniors)"]
[BlackTeam "Reykjavik KR (Seniors)"]
[WhiteTeamCountry "GER"]
[BlackTeamCountry "ISL"]

1. d4 Nf6 2. Nf3 c5 3. d5 e6 4. c4 b5 5. dxe6 fxe6 6. cxb5 d5 7. e3 Bd6 8. Nc3 Nbd7 9. Qc2 Qe7 10. b3 Bb7 11. Bb2 0-0 12. Bd3 Rac8 13. 0-0 Kh8 14. Rae1 Ng4 15. Qe2 Rxf3 16. Qxf3 Nxh2 17. Qh3 Nf6 18. e4 Be5 19. exd5 exd5 20. Rxe5 Qxe5 21. Qxh2 Qg5 22. Bc1 Qg4 23. Qh3 Qd4 24. Bg5 Qxc3 25. Bxf6 1-0